000 00721nam a2200229 a 4500
003 PILC
005 20160306115543.0
008 090219s2003 xx 00 eng d
010 _aAcc#40206,43102
020 _a1565636597
050 _aBV 600.3
_bF929 2003
040 _cPhilippine Baptist Theological Seminary
100 1 0 _aFrost, Michael
245 1 0 _aThe shaping of things to come :
_binnovation and mission for the 21st-century church /
_cMichael Frost & Alan Hirsch.
260 0 _aPeabody, MA :
_bHendrickson Publisher,
_cc2003.
300 _axi, 236 p. ; 23 cm.
500 _aIncludes bibliographical references
650 _aCHURCH
650 _aCHURCH WORK
700 1 _aAlan Hirsch
942 _cCB
_2lcc
999 _c18736
_d18736